Statistics for UK Number One Artists 2010-2014

Click here to take the quiz!

General Stats

  • This quiz has been taken 69 times
    (62 since last reset)
  • The average score is 64 of 168

Answer Stats

SongArtist% Correct
TelephoneLady Gaga/Beyoncé
86%
Blurred LinesRobin Thicke/Pharrell Williams/T.I.
81%
Nothin' On YouB.o.B/Bruno Mars
75%
We Found LoveCalvin Harris/Rihanna
75%
Price TagJessie J/B.o.B
75%
FirefliesOwl City
75%
What's My Name?Rihanna/Drake
75%
The MonsterEminem/Rihanna
72%
One Way Or Another (Teenage Kicks) | What Makes You BeautifulOne Direction
72%
Diamonds | Only Girl (In The World)Rihanna
72%
OMGUsher/Will.i.am
72%
Bang BangJessie J/Ariana Grande/Nicki Minaj
69%
Little ThingsOne Direction
69%
SummerCalvin Harris
67%
Under ControlCalvin Harris/Alesso/Hurts
67%
Sweet NothingCalvin Harris/Florence Welch
67%
BlameCalvin Harris/John Newman
67%
Gettin' Over YouDavid Guetta/Chris Willis/Fergie/LMFAO
67%
Spectrum (Say My Name)Florence + The Machine/Calvin Harris
67%
Part Of Me | RoarKaty Perry
67%
California GurlsKaty Perry/Snoop Dogg
67%
Uptown FunkMark Ronson/Bruno Mars
67%
Someone Like YouAdele
64%
Grenade | Just The Way You Are | The Lazy SongBruno Mars
64%
ParadiseColdplay
64%
Club Can't Handle MeDavid Guetta/Flo Rida
64%
TitaniumDavid Guetta/Sia
64%
Don't Wanna Go Home | In My HeadJason Derulo
64%
Talk DirtyJason Derulo/2 Chainz
64%
We Can't Stop | Wrecking BallMiley Cyrus
64%
TroublemakerOlly Murs/Flo Rida
64%
DominoJessie J
61%
PayphoneMaroon 5/Wiz Khalifa
61%
RIPRita Ora/Tinie Tempah
61%
Lovers On The SunDavid Guetta/Sam Martin
58%
TimberPitbull/Ke$ha
58%
Get LuckyDaft Punk/Pharrell Williams
56%
We R Who We RKe$ha
56%
HappyPharrell Williams
56%
AirplanesB.o.B/Hayley Williams
53%
Crazy Stupid LoveCheryl Cole/Tinie Tempah
53%
Party Rock AnthemLMFAO
53%
Gangnam StylePSY
53%
Hall Of FameThe Script/Will.i.am
53%
Scream & ShoutWill.i.am/Britney Spears
53%
RoyalsLorde
50%
It's My BirthdayWill.i.am/Cody Wise
50%
This Is LoveWill.i.am/Eva Simons
50%
The Time (Dirty Bit)Black Eyed Peas
47%
Call Me MaybeCarly Rae Jepsen
47%
Hot Right NowDJ Fresh/Rita Ora
47%
Tsunami (Jump)DVBBS/Borgeous/Tinie Tempah
47%
We Are YoungFun./Janelle Monáe
47%
Somebody That I Used To KnowGotye/Kimbra
47%
On The FloorJennifer Lopez/Pitbull
47%
La La LaNaughty Boy/Sam Smith
47%
Give Me EverythingPitbull/Ne-Yo/Afrojack/Nayer
47%
Pass OutTinie Tempah
47%
Written in The StarsTinie Tempah/Eric Turner
47%
Sing | Thinking Out LoudEd Sheeran
44%
Dance With Me Tonight | Please Don't Let Me GoOlly Murs
44%
Heart Skips A BeatOlly Murs/Rizzle Kicks
44%
How We Do (Party) | I Will Never Let You DownRita Ora
44%
Money On My Mind | Stay With MeSam Smith
44%
MirrorsJustin Timberlake
42%
All Time Low | Glad You CameThe Wanted
42%
ProblemAriana Grande/Iggy Azalea
39%
BurnEllie Goulding
39%
All About That BassMeghan Trainor
39%
Counting StarsOneRepublic
39%
DynamiteTaio Cruz
39%
Wake Me UpAvicii/Aloe Blacc
36%
I Could Be The OneAvicii/Nicky Romero
36%
ReplayIyaz
36%
The ClimbJoe McElderry
36%
Thrift ShopMacklemore & Ryan Lewis/Wanz
36%
Beautiful Monster | Let Me Love You (Until You Learn to Love Yourself)Ne-Yo
36%
Forget YouCee-Lo Green
33%
Dirtee DiscoDizzee Rascal
33%
Good FeelingFlo Rida
33%
Cannonball | WingsLittle Mix
33%
CandyRobbie Williams
33%
ShoutShout For England/Dizzee Rascal/James Corden
33%
Call My Name | I Don't Care | Promise ThisCheryl Cole
31%
Rather BeClean Bandit/Jess Glynne
31%
Everybody HurtsHelping Haiti
31%
Read All About ItProfessor Green/Emeli Sandé
31%
This Ain't A Love SongScouting For Girls
31%
Swagger JaggerCher Lloyd
28%
Somewhere Only We KnowLily Allen
28%
RudeMagic!
28%
I Love ItIcona Pop/Charli XCX
25%
ImpossibleJames Arthur
25%
Turn Up The MusicChris Brown
22%
No RegretsDappy
22%
OnceDiana Vickers
22%
SingGary Barlow/Commonwealth Band/Military Wives
22%
Love You More | She Makes Me Wanna | The Club Is AliveJLS
22%
When We CollideMatt Cardle
22%
Good Times | Green LightRoll Deep
22%
My LoveRoute 94/Jess Glynne
22%
Feel The LoveRudimental/John Newman
22%
Don't You Worry ChildSwedish House Mafia
22%
She Looks So Perfect5 Seconds Of Summer
19%
Do They Know It's Christmas?Band Aid 30
19%
TwilightCover Drive
19%
GhostElla Henderson
19%
Love Me AgainJohn Newman
19%
Beneath You're BeautifulLabrinth/Emeli Sandé
19%
All About TonightPixie Lott
19%
These DaysTake That
19%
YoungTulisa
19%
HeroesX Factor Finalists 2010
19%
Wishing On a StarX Factor Finalists 2011
19%
Start Without YouAlexandra Burke/Laza Morgan
17%
Changed The Way You Kissed Me | Stay AwakeExample
17%
Wherever You AreMilitary Wives/Gareth Malone/Paul Mealor
17%
Don't Hold Your BreathNicole Scherzinger
17%
Am I WrongNico & Vinz
17%
We No Speak AmericanoYolanda Be Cool
17%
LouderDJ Fresh/Sian Evans
14%
HideawayKiesza
14%
SkyscraperSam Bailey
14%
What About Us?The Saturdays/Sean Paul
14%
The ManAloe Blacc
11%
AnimalsMartin Garrix
11%
Me And My Broken HeartRixton
11%
Waiting All NightRudimental/Ella Eyre
11%
Don't GoWretch 32/Josh Kumra
11%
The Power Of LoveGabrielle Aplin
8%
Prayer In CLily Wood/Robin Schulz
8%
WavesMr. Probz
8%
Let's Get Ready To RhumblePJ & Duncan
8%
Loca PeopleSak Noel
8%
ChangingSigma/Paloma Faith
8%
Something I NeedBen Haenow
6%
Need U (100%)Duke Dumont/A*M*E
6%
I Got UDuke Dumont/Jax Jones
6%
Get Up (Rattle)Far East Movement/Bingo Players
6%
Wake Me UpGareth Malone's All Star Choir
6%
PromisesNero
6%
Look Right ThroughStorm Queen
6%
Bom BomSam And The Womp
3%
Nobody To LoveSigma/Daniel Pearce
3%
HeatwaveWiley/Ms. D
3%
Gecko (Overdrive)Oliver Heldens/Becky Hill
0%
I Wanna FeelSecondCity
0%
He Ain't Heavy, He's My BrotherThe Justice Collective
0%

Score Distribution

Percentile by Number Answered

Percent of People with Each Score

Your Score History

You have not taken this quiz since the last reset